00331nam a2200133Ia 4500008004100000041000800041082001600049100002600065245003000091260003900121300001200160365000700172650001800179210719s1923 xx 000 0 und d aeng a820.22 TAGK aTAGORE (Rabindranath) aKing of the dark chamber. aLondonbMacmillan & Co. Ltd.c1923 a200bHB cRs aEnglish Drama